The IBM Personal Computer from the Inside Out
Uloženo v:
| Hlavní autor: | |
|---|---|
| Médium: | Kniha |
| Jazyk: | Undetermined |
| Vydáno: |
Massachusetts
Addison-Wesley Publishing Co.
1986
|
| Témata: | |
| Tagy: |
Přidat tag
Žádné tagy, Buďte první, kdo otaguje tento záznam!
|
| Thư viện lưu trữ: | Trung tâm Học liệu Trường Đại học Cần Thơ |
|---|
| LEADER | 00591nam a2200193Ia 4500 | ||
|---|---|---|---|
| 001 | CTU_95071 | ||
| 008 | 210402s9999 xx 000 0 und d | ||
| 082 | |a 004.165 | ||
| 082 | |b S245 | ||
| 100 | |a Sargent III, Murray | ||
| 245 | 4 | |a The IBM Personal Computer from the Inside Out | |
| 245 | 0 | |c Murray Sargent III, Richard L. Shoemaker | |
| 260 | |a Massachusetts | ||
| 260 | |b Addison-Wesley Publishing Co. | ||
| 260 | |c 1986 | ||
| 650 | |a Ibm personal computer,Ibm personal computer | ||
| 650 | |x Programming | ||
| 904 | |i Năm | ||
| 980 | |a Trung tâm Học liệu Trường Đại học Cần Thơ | ||